Diablo 2 Quiz - Statistics

General Stats
  • This quiz has been taken 521 times
  • The average score is 10 of 15
Answer Stats
Hint Answer % Correct
Harrogath was the homeland to which class Barbarian
87%
Which Act could you find the most popular mercenary ACT II
78%
Name of the boss of the secret cow level? The Cow King
78%
Which boss says 'Looking For baal?' When you encounter him Duriel
75%
When defeating Diablo which class says "Lord Diablo, I have bested you." Necromancer
73%
Which Rune word can make any class teleport Enigma
68%
What was considered the rarest rune due to it being the highest number ZOD
66%
Which Archangel was corrupted by Diablo? Izual
65%
Mephisto was the lord of what Hatred
64%
Creature that drops the Annihilus small charm Diablo Clone
63%
What was the name of the town in Act I Rogue Encampment
63%
In which location will you find the entrance to the Durence of Hate Level 1 Travincal
56%
Which member of the horadrim volunteered to imprison Baal inside his own body? Tal Rasha
53%
Highest rune that could be dropped from the Hellforge on Hell difficulty Gul
45%
Name one of the Ancients that guard the sacred mount Harrogath Talic Madwac Korlic
39%
No matching quizzes found
Score Distribution
Percent of People with Each Score
Percentile by Number Answered
Your Score History
You have not taken this quiz